000
00319nam a2200133Ia 4500
008
231129s1976||||xx |||||||||||||| ||spa||
040
_b
spa
082
_a
813 E33c
100
_a
Ehrlichman John
245
0
_a
La compania
260
_c
1976
264
_a
Bogotá Colombia : Círculo de Lectores
942
_2
ddc
_c
BKS
999
_c
16689
_d
16689